Gold und silber (Record no. 7546)
[ view plain ]
| 000 -CABECERA | |
|---|---|
| campo de control de longitud fija | 00795nam a2200229 a 4500 |
| 001 - NÚMERO DE CONTROL | |
| campo de control | BRCA_7872 |
| 005 - FECHA Y HORA DE LA ÚLTIMA TRANSACCIÓN | |
| campo de control | 20190320210031.0 |
| 008 - DATOS DE LONGITUD FIJA--INFORMACIÓN GENERAL | |
| campo de control de longitud fija | 191113s1965----gw-a######---#000-0#ger-# |
| 041 ## - CÓDIGO DE LENGUA | |
| Código de lengua del texto/banda sonora o título independiente | ger |
| 044 ## - CÓDIGO DEL PAÍS DE LA ENTIDAD EDITORA/PRODUCTORA | |
| Código MARC del país | gw |
| 050 #4 - SIGNATURA TOPOGRÁFICA DE LA BIBLIOTECA DEL CONGRESO | |
| Número de clasificación | NK7150 |
| Número de documento/Ítem | .G65 1965 |
| 245 10 - MENCIÓN DE TÍTULO | |
| Título | Gold und silber |
| Resto del título | beschreibendes und kristisches verzeichnis der goldschmiedearbeiten des 12-18 jahrhunderts. |
| 260 ## - PUBLICACIÓN, DISTRIBUCIÓN, ETC. | |
| Lugar de publicación, distribución, etc. | Dortmund, Alemania |
| Nombre del editor, distribuidor, etc. | Museum fur Kunst and Kulturgeschichte Dortmund |
| Fecha de publicación, distribución, etc. | 1965 |
| 300 ## - DESCRIPCIÓN FÍSICA | |
| Extensión | 1 v. (sin paginación) |
| Otras características físicas | il. (algunas a color), 133 láminas |
| Dimensiones | 23 cm. |
| 500 ## - NOTA GENERAL | |
| Nota general | Y133 |
| 650 14 - PUNTO DE ACCESO ADICIONAL DE MATERIA--TÉRMINO DE MATERIA | |
| Término de materia o nombre geográfico como elemento de entrada | Orfebrería |
| Subdivisión general | Historia |
| Subdivisión geográfica | Alemania |
| 9 (RLIN) | 19475 |
| 650 14 - PUNTO DE ACCESO ADICIONAL DE MATERIA--TÉRMINO DE MATERIA | |
| Término de materia o nombre geográfico como elemento de entrada | Platería |
| Subdivisión general | Historia |
| Subdivisión geográfica | Alemania |
| 9 (RLIN) | 19476 |
| 650 14 - PUNTO DE ACCESO ADICIONAL DE MATERIA--TÉRMINO DE MATERIA | |
| Término de materia o nombre geográfico como elemento de entrada | Galerías y museos |
| Subdivisión geográfica | Alemania |
| 9 (RLIN) | 5059 |
| 650 14 - PUNTO DE ACCESO ADICIONAL DE MATERIA--TÉRMINO DE MATERIA | |
| Término de materia o nombre geográfico como elemento de entrada | Marcas de orfebrería |
| 9 (RLIN) | 9229 |
| 902 ## - CATALOGADOR | |
| Iniciales | GFM |
| 942 ## - ELEMENTOS DE PUNTO DE ACCESO ADICIONAL (KOHA) | |
| Fuente del sistema de clasificación o colocación | Library of Congress Classification |
| Tipo de ítem Koha | Libros |
| Estado de retiro | Estado de pérdida | Estado dañado | No para préstamo | Localización permanente | Ubicación/localización actual | Fecha de adquisición | Número de inventario | Total de préstamos | Signatura topográfica completa | Código de barras | Fecha visto por última vez | Precio válido a partir de | Tipo de ítem Koha |
|---|---|---|---|---|---|---|---|---|---|---|---|---|---|
| El ejemplar forma parte de la colección y puede ser consultado según las políticas vigentes. | Biblioteca del Museo Franz Mayer (Rogerio Casas-Alatriste) | Biblioteca del Museo Franz Mayer (Rogerio Casas-Alatriste) | 19/11/2013 | Y133 | NK7150 .G65 1965 (Y133) | 8483 | 22/03/2019 | 22/03/2019 | Libros |